| 000 | 00561nam a22001937a 4500 | ||
|---|---|---|---|
| 999 |
_c525707 _d525707 |
||
| 003 | NUST | ||
| 005 | 20190704052553.0 | ||
| 038 | _aFaiza | ||
| 082 |
_a891.4911092 _bAHM |
||
| 100 |
_aAhmad, Saeed _916647 |
||
| 245 |
_aHazrat Mian Muhammad Bukhsh _b(Aik Tuaruf) / _cSaeed Ahmad |
||
| 250 | _a1st Revised Ed. | ||
| 260 |
_aRawalpindi: _bAas Umeed Publictions, _c2018 |
||
| 300 | _a160p. ; | ||
| 500 | _aPaper Cover | ||
| 880 |
_6100-01\r _aسعید احمد |
||
| 880 |
_6245-02\r _a /حضرت میاں محمد بخش ، ایک تعارف |
||
| 942 |
_2ddc _cBK |
||